000 01223nam a2200277Ia 4500
999 _c54661
_d54661
001 21728
003 GE_BSU
005 20220125162845.0
008 181216s ||||ge |||||||||||||| ||geo||
020 _a9789941276248
040 _cGE_BSU
041 _ageo
080 _a94(063) ი-37
245 _aივანე ჯავახიშვილი-140 : შრომები : "მარადისობის გზა /
_cრედ. : ნ. ხაზარაძე, ქ. ახობაძე.
264 _aთბილისი :
_bსაქ. მეცნ. აკად. გამ-ბა,
_c2017.
300 _a268 გვ. :
_bილ. ;
_c30 სმ.
500 _aპარალელური სათაური ინგლისურ ენაზე
541 _h10 ლ.
653 _aივანე ჯავახიშვილი-140
653 _aშრომები
653 _a"მარადისობის გზა"
653 _aქართველი ისტორიკოსები
700 _a ხაზარაძე, ნ.
_eრედაქტორი
_913451
700 _aახობაძე, ქ.
_eრედაქტორი
_913452
942 _cBK
_2udc